Problemáticas de transporte público y la movilidad urbana : desafíos y propuestas desde las ciencias sociales /

Uloženo v:
Podrobná bibliografie
Hlavní autor: Alvizo Carranza, Cristina (coordinación)
Médium: Kniha
Jazyk:španělština
Vydáno: Guadalajara, México : El Colegio de Jalisco, 2021, c2021
Témata:
Tagy: Přidat tag
Žádné tagy, Buďte první, kdo vytvoří štítek k tomuto záznamu!

MARC

LEADER 00000nam^a2200000^a^4500
001 000568099
005 20250521000000.0
009 20260310132140.423
020 |a 978-607-8657-93-3 
037 |a Acervo ITESO - Biblioteca 
041 |a ESP 
082 |a 388. 40972352  |b ALV 
100 |a Alvizo Carranza, Cristina  |e (coordinación) 
245 1 0 |a Problemáticas de transporte público y la movilidad urbana :  |b desafíos y propuestas desde las ciencias sociales /  |c Coord. de C. Alvizo Carranza. 
264 4 |a Guadalajara, México :  |b El Colegio de Jalisco,  |c 2021, c2021 
300 |a 311 p. 
336 |a texto  |b txt  |2 rdacontenido 
337 |a sin mediación  |b n  |2 rdamedio 
338 |a volumen  |b nc  |2 rdasoporte 
649 |a XX 
650 |a Vida Pública -  |z Guadalajara, Jalisco 
650 |a Calles -  |z Guadalajara, Jalisco 
650 |a Ciclismo Urbano -  |z Guadalajara, Jalisco 
650 |a Ciclismo Urbano -  |z Puebla (Ciudad) 
650 |a Accidentes de Tránsito -  |z Guadalajara, Jalisco 
650 |a Sistema de Transporte -  |z Ameca, Jalisco 
650 |a Sistema de Transporte -  |z Guadalajara, Jalisco 
650 |a Sistema de Transporte -  |z Jalisco 
650 |a Desarrollo Urbano -  |z Guadalajara, Jalisco 
650 |a Desarrollo Sustentable -  |z Guadalajara, Jalisco 
650 |a Transporte Urbano -  |z Guadalajara, Jalisco -  |x Tema Principal 
650 |a Política de Género -  |z Guadalajara, Jalisco 
650 |a Sociología Urbana 
650 |a Guadalajara, Jalisco -  |x Condiciones Sociales y Culturales 
650 |a Puebla (Ciudad) -  |x Condiciones Sociales y Culturales 
910 |a Fondo General 
920 |a Impresos - Libros 
930 |a Colección General 
905 |a 101 
901 |a 0500395037  |b IT1  |c ACC  |i C182775  |u 20250521 
902 |a https://opac.biblio.iteso.mx/vufind/Record/000568099